000 00647nam a2200229Ia 4500
005 20240208095601.0
008 131103s9999 xx 000 0 und d
040 _aLoreto College
041 _aEnglish
082 _a370.15
_bWOO
100 _aWoodworth,Robert S.
245 _aPsychology,
_b
_cRobert S.Woodworth and Donald G.Marquis
250 _aa study of mental life
260 _aLondon
_bUniversity Paperbacks
_c1963
300 _axiii,674 p.
_b ill.,fig.,photos
504 _aReprinted 1965
650 _aEducation
651 _aEducational Psychology
700 _aMarquis,Donald G. auth.
850 _aLCLIB
942 _cBK
999 _c3782
_d54261